Statistics for Turkish minority of Balkans countries

Click here to take the quiz!

General Stats

  • This quiz has been taken 62 times
  • The average score is 8 of 9

Answer Stats

HintAnswer% Correct
508,375Bulgaria
94%
85,945Greece
94%
18,738Kosovo
87%
77,959North Macedonia
87%
647Serbia
87%
1,108Bosnia-Herzegovina
85%
367Croatia
85%
104Montenegro
83%
27,698Romania
81%

Score Distribution

Percentile by Number Answered

Percent of People with Each Score

Your Score History

You have not taken this quiz